| 000 | 00641nam a2200253Ia 4500 | ||
|---|---|---|---|
| 008 | 171120s9999 xx 000 0 und d | ||
| 020 | _a9.7897127211e+012 | ||
| 050 | _a328.59 | ||
| 050 | _bK141 2008 | ||
| 100 | _aKalaw, Eva Estrada | ||
| 245 | 2 | _aA political journey / | |
| 245 | _cby Eva Estrada Kalaw. | ||
| 260 | _aPhilippines : | ||
| 260 | _bAnvil, | ||
| 260 | _c2008 | ||
| 300 | _a292 pages : | ||
| 300 | _billustrations ; | ||
| 300 | _c25cm. | ||
| 650 | _aPhilippines -- | ||
| 650 | _aWomen legislators -- | ||
| 650 | _xPhilippine -- Biography. | ||
| 650 | _xPolitics and government -- 1946- | ||
| 700 | _aTitle. | ||
| 999 |
_c345292 _d345292 |
||